000 nam a22 7a 4500
999 _c46991
_d46991
003 OSt
005 20190501105303.0
008 190501b xxu||||| |||| 00| 0 eng d
040 _cIIMT COLLEGE OF LAW,GREATER NOIDA
100 _aCHAUHAN,M.S.
245 _aCRIMINOLOGY CRIMINAL ADMINISTRATE AND VICTIMOLOGY
260 _aALLAHABAD
_bC.L.A.
_c2016
300 _a449
942 _2ddc
_c02